Radon solutions in homes: Radon sump systems (Record no. 115020)

MARC details
000 -LEADER
fixed length control field 00801cam a22002295a 4500
001 - CONTROL NUMBER
control field L157904
008 - FIXED-LENGTH DATA ELEMENTS--GENERAL INFORMATION
fixed length control field 121219s2013 xxk f 000 0 eng d
020 ## - INTERNATIONAL STANDARD BOOK NUMBER
International Standard Book Number 9781848063020
035 ## - SYSTEM CONTROL NUMBER
System control number (Sirsi) u157904
041 0# - LANGUAGE CODE
Language code of text/sound track or separate title eng
100 1# - MAIN ENTRY--PERSONAL NAME
Personal name Scivyer, Chris
245 00 - TITLE STATEMENT
Title Radon solutions in homes: Radon sump systems
260 ## - PUBLICATION, DISTRIBUTION, ETC.
Place of publication, distribution, etc. Watford
Name of publisher, distributor, etc. BRE
Date of publication, distribution, etc. 2013
300 ## - PHYSICAL DESCRIPTION
Extent 12p.
Other physical details ill.
Dimensions 30cm.
490 #0 - SERIES STATEMENT
Series statement BRE Good Repair Guide
Volume/sequential designation (37/3)
520 ## - SUMMARY, ETC.
Summary, etc. The guide offers advice to builders and homeowners installing radon sump systems in homes. It covers the installation of both active (fan-assisted) and passive sump systems.
521 ## - TARGET AUDIENCE NOTE
Target audience note Introductory
651 #4 - SUBJECT ADDED ENTRY--GEOGRAPHIC NAME
Geographic name United Kingdom
Chronological subdivision
690 ## - LOCAL SUBJECT ADDED ENTRY--TOPICAL TERM (OCLC, RLIN)
Topical term or geographic name as entry element HEALTH AND SAFETY
9 (RLIN) 6244
690 ## - LOCAL SUBJECT ADDED ENTRY--TOPICAL TERM (OCLC, RLIN)
Topical term or geographic name as entry element MANAGEMENT-HEALTH AND SAFETY-HAZARDOUS SUBSTANCES-RADON
942 ## - ADDED ENTRY ELEMENTS (KOHA)
Suppress in OPAC 0
Holdings
Withdrawn status Lost status Source of classification or shelving scheme Damaged status Not for loan Home library Current library Shelving location Date acquired Total Checkouts Full call number Barcode Date last seen Copy number Price effective from Koha item type
    Dewey Decimal Classification     London London Books 03/07/2013   BRE - GOOD REPAIR GUIDE 30075010 06/08/2019 1 06/08/2019 Book